[Event "Oebro CXU Nytaar 2023"]
[Site "Copenhagen"]
[Date "2023.12.29"]
[Round "5"]
[Board "5"]
[White "Nielsen, Viktor Haarmark"]
[Black "Porte, Henrik"]
[Result "1-0"]
[WhiteElo "2365"]
[BlackElo "2153"]
[PlyCount "115"]
[EventDate "2023.12.27"]
[EventType "swiss"]
[EventRounds "7"]
[EventCountry "DEN"]
[SourceTitle "Live v. Freja Gronnemose"]

1. d4 d5 2. c4 e6 3. Nf3 c5 4. cxd5 exd5 5. g3 Nc6 
6. Bg2 Nf6 7. O-O Be7 8. dxc5 Bxc5 9. Qc2 Be7 10. Rd1 10... 
O-O 11. Nc3 Qa5 12. Bf4 Rd8 13. Ne5 Be6 14. Qa4 Qb6 15. Qb5 
Bc5 16. Nd3 Qxb5 17. Nxb5 Bb6 18. Rac1 Bg4 19. Kf1 a6 20. Nc3 
20... h6 21. Na4 Ba7 22. h3 Bc8 23. Bc7 Re8 24. Nb6 Bxb6 25. 
Bxb6 Ne4 26. Nf4 Nf6 27. g4 Be6 28. Nxd5 Nxd5 29. Bxd5 Nb4 30. 
Bxe6 30... Rxe6 31. Bc5 Nxa2 32. Ra1 Rc8 33. Ba3 Rc2 34. Rxa2 Rexe2 
35. Bc5 Rxb2 36. Ra3 Rec2 37. Be3 Rc7 38. Rd8+ Kh7 39. Rb8 Rd7 
40. Kg2 40... Rb5 41. Rc3 Kg6 42. Kg3 f5 43. Rf8 fxg4 44. hxg4 
Rb4 45. Rc5 Rd1 46. Rc7 Rg1+ 47. Kf3 Rgxg4 48. Rff7 Kh7 49. Bf4 
h5 50. Be5 50... Rb3+ 51. Bc3 b5 52. Ke2 b4 53. Bxg7 Kg6 54. 
Bh8 Re4+ 55. Kd2 Re6 56. Rf8 Kg5 57. Be5 Rxe5 58. f4+ 1-0

[Event "Oebro CXU Nytaar 2023"]
[Site "Copenhagen"]
[Date "2023.12.29"]
[Round "5"]
[Board "7"]
[White "Terryn, Ezra"]
[Black "Lauritsen, Martin Lee"]
[Result "1-0"]
[WhiteElo "2217"]
[BlackElo "2112"]
[PlyCount "67"]
[EventDate "2023.12.27"]
[EventType "swiss"]
[EventRounds "7"]
[EventCountry "DEN"]
[SourceTitle "Live v. Freja Gronnemose"]

1. e4 c5 2. d4 cxd4 3. c3 Nf6 4. e5 Nd5 5. cxd4 d6 
6. Nf3 Nc6 7. Bc4 Nb6 8. Bb5 d5 9. Nh4 e6 10. Nf3 10... 
Bd7 11. Nc3 Bb4 12. Bd3 a6 13. O-O Be7 14. Ne2 Nb4 15. Bb1 
Bb5 16. Re1 Bxe2 17. Qxe2 Rc8 18. a3 Nc6 19. b3 Nd7 20. Be3 
20... Qa5 21. Qb2 h6 22. Kh1 Qb6 23. Bd3 Ndb8 24. g4 h5 25. 
gxh5 Rxh5 26. Rg1 Bf8 27. Rac1 Na7 28. Ng5 Rh8 29. b4 Rxc1 30. 
Qxc1 30... Nbc6 31. Qd1 Nd8 32. Qf3 Nb5 33. Rc1 Na7 34. Nxf7 1-0

[Event "Oebro CXU Nytaar 2023"]
[Site "Copenhagen"]
[Date "2023.12.29"]
[Round "5"]
[Board "8"]
[White "Falkesgaard, Jeppe Hald"]
[Black "Moe, Mogens"]
[Result "1/2-1/2"]
[WhiteElo "2188"]
[BlackElo "2063"]
[PlyCount "120"]
[EventDate "2023.12.27"]
[EventType "swiss"]
[EventRounds "7"]
[EventCountry "DEN"]
[SourceTitle "Live v. Freja Gronnemose"]

1. c4 Nf6 2. g3 g6 3. Bg2 d5 4. cxd5 Nxd5 5. Qb3 Nb6 
6. Qc3 Rg8 7. Nf3 Bg7 8. d4 Nc6 9. e3 Bg4 10. O-O 10... 
Qd7 11. Nbd2 Bh3 12. Ne4 Bxg2 13. Kxg2 O-O-O 14. a4 e5 15. dxe5 
Qd5 16. Nf6 Bxf6 17. exf6 Qe4 18. b3 Rd3 19. Qb2 g5 20. h3 
20... h5 21. a5 Nd7 22. Ra4 Qd5 23. e4 Qb5 24. Nd4 Nxd4 25. 
Rxd4 Rxb3 26. Qd2 b6 27. Rd1 Nc5 28. Rd8+ Rxd8 29. Qxd8+ Kb7 30. 
Qd5+ 30... Ka6 31. axb6 cxb6 32. Be3 Ra3 33. Bxc5 bxc5 34. Qxf7 Qe2 
35. Rd6+ Kb5 36. Qb7+ Kc4 37. Qd5+ Kb5 38. Qb7+ Kc4 39. Qb1 h4 
40. gxh4 40... gxh4 41. Qc1+ Rc3 42. Qf4 Rg3+ 43. Kh2 Rf3 44. Rd2 
Rxf4 45. Rxe2 Kd3 46. Re3+ Kd2 47. Kg2 Rxf6 48. Ra3 Rf7 49. Ra6 
c4 50. e5 50... c3 51. e6 Rg7+ 52. Kf3 c2 53. Rd6+ Kc3 54. 
Rd7 c1=Q 55. Rxg7 Qd1+ 56. Kg2 Qd5+ 57. Kg1 Qxe6 58. Rxa7 Kd2 59. 
Ra3 Ke2 60. Re3+ 60... Qxe3 1/2-1/2

[Event "Oebro CXU Nytaar 2023"]
[Site "Copenhagen"]
[Date "2023.12.29"]
[Round "5"]
[Board "9"]
[White "Sorensen, Peter"]
[Black "Jarlskov, Daniel Tuk Hartso"]
[Result "0-1"]
[WhiteElo "1664"]
[BlackElo "2135"]
[PlyCount "50"]
[EventDate "2023.12.27"]
[EventType "swiss"]
[EventRounds "7"]
[EventCountry "DEN"]
[SourceTitle "Live v. Freja Gronnemose"]

1. d4 d5 2. Nf3 Nf6 3. g3 e6 4. Bg2 Be7 5. O-O O-O 
6. c4 dxc4 7. a4 c5 8. Qc2 cxd4 9. Qxc4 Nc6 10. Rd1 10... 
e5 11. e3 Be6 12. Qe2 Bb3 13. Rf1 d3 14. Qe1 e4 15. Nfd2 
Bd5 16. b3 Na5 17. Nc3 Bb4 18. Nxd5 Qxd5 19. Ba3 Bxd2 20. Qxd2 
20... Nxb3 21. Qa2 Nxa1 22. Qxd5 Nxd5 23. Bxf8 Kxf8 24. Bxe4 Nc3 25. 
Bxd3 Nb3 0-1

[Event "Oebro CXU Nytaar 2023"]
[Site "Copenhagen"]
[Date "2023.12.29"]
[Round "5"]
[Board "10"]
[White "Skou, Niels"]
[Black "Petersen, Lasse Emil"]
[Result "1-0"]
[WhiteElo "2115"]
[BlackElo "1798"]
[PlyCount "63"]
[EventDate "2023.12.27"]
[EventType "swiss"]
[EventRounds "7"]
[EventCountry "DEN"]
[SourceTitle "Live v. Freja Gronnemose"]

1. c4 e5 2. Nc3 Nf6 3. Nf3 d6 4. g3 b6 5. Bg2 Bb7 
6. O-O g6 7. b3 Bg7 8. Bb2 O-O 9. d4 exd4 10. Nxd4 10... 
Bxg2 11. Kxg2 Qd7 12. Nd5 c5 13. Nb5 Nxd5 14. Bxg7 Ne3+ 15. fxe3 
Kxg7 16. Qxd6 Qxd6 17. Nxd6 Nc6 18. Rad1 Ne5 19. h3 a6 20. Rd5 
20... Nc6 21. g4 Ra7 22. Kg3 Re7 23. Kf4 f6 24. Rfd1 h6 25. 
h4 Nb4 26. R5d2 Nc6 27. h5 f5 28. hxg6 fxg4+ 29. Nf5+ Kg8 30. 
Rd7 30... Re5 31. Rg7+ Kh8 32. Rf7 1-0

[Event "Oebro CXU Nytaar 2023"]
[Site "Copenhagen"]
[Date "2023.12.29"]
[Round "5"]
[Board "11"]
[White "Hove, Svend Kjems"]
[Black "Ertbjerg, Andreas Lund"]
[Result "0-1"]
[WhiteElo "1844"]
[BlackElo "2020"]
[PlyCount "98"]
[EventDate "2023.12.27"]
[EventType "swiss"]
[EventRounds "7"]
[EventCountry "DEN"]
[SourceTitle "Live v. Freja Gronnemose"]

1. e4 e6 2. d4 d5 3. Nc3 Bb4 4. Qg4 Nf6 5. Qxg7 Rg8 
6. Qh6 c5 7. e5 cxd4 8. a3 Bf8 9. Qxf6 Qxf6 10. exf6 10... 
dxc3 11. Nf3 Nd7 12. bxc3 Nxf6 13. c4 dxc4 14. Bb2 Ne4 15. Bd4 
b5 16. a4 Bb4+ 17. Kd1 Bc3 18. Bxc3 Nxc3+ 19. Ke1 Nxa4 20. Bxc4 
20... Nc3 21. Bd3 Rxg2 22. Nd4 Bd7 23. Ra6 e5 24. Nc6 e4 25. 
Bf1 Rg6 26. Nb4 Rd8 27. f4 Bg4 28. f5 Rxa6 29. Nxa6 Bxf5 30. 
Rg1 30... Rd6 31. Rg8+ Ke7 32. Nb4 a5 33. Na2 Nxa2 34. Bxb5 Nc3 
35. Re8+ Kf6 36. Bc4 Rd1+ 37. Kf2 Rd2+ 38. Ke3 Rxh2 39. Ra8 Nd1+ 
40. Kd4 40... e3 41. Ra6+ Be6 42. Bxe6 fxe6 43. Rxa5 e2 44. Re5 
Rh4+ 45. Kd3 Kxe5 46. Kxe2 Ke4 47. Kxd1 Rh2 48. Kc1 Kd4 49. Kb2 
Kc4 0-1

[Event "Oebro CXU Nytaar 2023"]
[Site "Copenhagen"]
[Date "2023.12.29"]
[Round "5"]
[Board "12"]
[White "Brondal, Paul"]
[Black "Jensen, Benjamin Lau"]
[Result "1/2-1/2"]
[WhiteElo "1981"]
[BlackElo "1889"]
[PlyCount "42"]
[EventDate "2023.12.27"]
[EventType "swiss"]
[EventRounds "7"]
[EventCountry "DEN"]
[SourceTitle "Live v. Freja Gronnemose"]

1. c4 c5 2. Nf3 Nc6 3. Nc3 Nf6 4. g3 g6 5. Bg2 Bg7 
6. O-O d6 7. d4 cxd4 8. Nxd4 Bd7 9. e3 Rc8 10. b3 10... 
Qa5 11. Bb2 O-O 12. h3 Rfd8 13. Qe2 a6 14. Rac1 e5 15. Nc2 
Be6 16. a3 b5 17. b4 Qb6 18. Nd5 Bxd5 19. cxd5 Ne7 20. e4 
20... Rc7 21. Ne3 Rdc8 1/2-1/2

[Event "Oebro CXU Nytaar 2023"]
[Site "Copenhagen"]
[Date "2023.12.29"]
[Round "5"]
[Board "13"]
[White "Petersen, Nils"]
[Black "Wahlgreen, Noah Krug"]
[Result "0-1"]
[WhiteElo "1830"]
[BlackElo "1968"]
[PlyCount "50"]
[EventDate "2023.12.27"]
[EventType "swiss"]
[EventRounds "7"]
[EventCountry "DEN"]
[SourceTitle "Live v. Freja Gronnemose"]

1. c4 c6 2. g3 d5 3. Nf3 Nf6 4. Bg2 dxc4 5. O-O Nbd7 
6. a4 Nc5 7. Na3 Be6 8. Ng5 Bd5 9. f3 h6 10. Nh3 10... 
e5 11. Qc2 Nb3 12. Rb1 Nd4 13. Qd1 Qb6 14. e3 Bxa3 15. bxa3 
Qxb1 16. exd4 Qb6 17. Qe2 Qxd4+ 18. Nf2 O-O 19. Qd1 e4 20. fxe4 
20... Nxe4 21. Qc2 Nxf2 22. Rxf2 Rfe8 23. Bb2 Re1+ 24. Bf1 Qe4 25. 
Qxe4 Bxe4 0-1

[Event "Oebro CXU Nytaar 2023"]
[Site "Copenhagen"]
[Date "2023.12.29"]
[Round "5"]
[Board "14"]
[White "Kokholm, Daniel"]
[Black "Jalving, August"]
[Result "1-0"]
[WhiteElo "1762"]
[BlackElo "1933"]
[PlyCount "51"]
[EventDate "2023.12.27"]
[EventType "swiss"]
[EventRounds "7"]
[EventCountry "DEN"]
[SourceTitle "Live v. Freja Gronnemose"]

1. d4 Nf6 2. Bf4 d5 3. Nc3 a6 4. e3 b5 5. a3 e6 
6. Nf3 Bb7 7. Bd3 Nbd7 8. Ne2 c5 9. c3 Be7 10. h3 10... 
O-O 11. g4 b4 12. axb4 cxb4 13. Ne5 a5 14. O-O Nb6 15. cxb4 
Bxb4 16. Ng3 Ne4 17. Qe2 g5 18. Nh5 gxf4 19. exf4 f6 20. Nf3 
20... Kh8 21. Rfd1 Rc8 22. Nh4 f5 23. g5 Rg8 24. f3 Nxg5 25. 
Qe5+ Rg7 26. Qxg7# 1-0

[Event "Oebro CXU Nytaar 2023"]
[Site "Copenhagen"]
[Date "2023.12.29"]
[Round "5"]
[Board "15"]
[White "Wehding, Anton Bonsvig"]
[Black "Petersen, Poul Erik"]
[Result "1-0"]
[WhiteElo "1935"]
[BlackElo "1870"]
[PlyCount "63"]
[EventDate "2023.12.27"]
[EventType "swiss"]
[EventRounds "7"]
[EventCountry "DEN"]
[SourceTitle "Live v. Freja Gronnemose"]

1. c4 e5 2. g3 Nc6 3. Bg2 f5 4. d3 Nf6 5. Nc3 Bb4 
6. Bd2 O-O 7. a3 Bxc3 8. Bxc3 e4 9. e3 d6 10. dxe4 10... 
Nxe4 11. Ne2 a5 12. Nf4 Nxc3 13. bxc3 Ne5 14. O-O c6 15. Qd4 
Qe7 16. Rfd1 Rd8 17. Rab1 Kf8 18. c5 d5 19. h4 Re8 20. h5 
20... Qf7 21. h6 g5 22. Nh3 g4 23. Nf4 Qf6 24. Rb6 Qxh6 25. 
Nxd5 Qg7 26. Nf4 Nd7 27. Qxg7+ Kxg7 28. Rxb7 Re7 29. Rc7 Kf6 30. 
Bxc6 30... Nxc5 31. Nd5+ Ke6 32. Rxe7+ 1-0

[Event "Oebro CXU Nytaar 2023"]
[Site "Copenhagen"]
[Date "2023.12.29"]
[Round "5"]
[Board "16"]
[White "Veiergang, Oscar Jacob"]
[Black "Saravana, Vedant Kumar"]
[Result "1-0"]
[WhiteElo "1926"]
[BlackElo "1939"]
[PlyCount "59"]
[EventDate "2023.12.27"]
[EventType "swiss"]
[EventRounds "7"]
[EventCountry "DEN"]
[SourceTitle "Live v. Freja Gronnemose"]

1. e4 e5 2. Nf3 Nc6 3. d4 exd4 4. Bc4 Bb4+ 5. c3 dxc3 
6. O-O Nge7 7. Ng5 d5 8. exd5 O-O 9. Qh5 Bf5 10. dxc6 10... 
Bg6 11. Qf3 c2 12. Nc3 Nxc6 13. Bb3 Nd4 14. Qd5 Qxd5 15. Nxd5 
Bc5 16. Be3 Rfd8 17. Bxd4 Rxd5 18. Bxc5 Rxc5 19. Nf3 Rd8 20. Rac1 
20... b5 21. Rfe1 a5 22. a4 Kf8 23. axb5 c6 24. bxc6 Rb8 25. 
Nd4 Rb4 26. Bxc2 Rxd4 27. Bxg6 Rxc1 28. Rxc1 hxg6 29. c7 Ke7 30. 
c8=Q 1-0

[Event "Oebro CXU Nytaar 2023"]
[Site "Copenhagen"]
[Date "2023.12.29"]
[Round "5"]
[Board "17"]
[White "Borge, Jannik"]
[Black "Nielsen Refs, Karl Emil Elmer"]
[Result "0-1"]
[WhiteElo "1500"]
[BlackElo "1886"]
[PlyCount "70"]
[EventDate "2023.12.27"]
[EventType "swiss"]
[EventRounds "7"]
[EventCountry "DEN"]
[SourceTitle "Live v. Freja Gronnemose"]

1. e4 c5 2. c3 e6 3. d4 d5 4. e5 Nc6 5. Nf3 Bd7 
6. Be2 Nge7 7. dxc5 Ng6 8. Bg5 Be7 9. Bxe7 Qxe7 10. Na3 10... 
Qxc5 11. O-O O-O 12. Nd4 Ncxe5 13. Nac2 Nf4 14. h4 Nxe2+ 15. Qxe2 
Nc6 16. Nxc6 bxc6 17. Rad1 Qe7 18. Qg4 e5 19. Qg3 Rfe8 20. Rfe1 
20... Qf6 21. c4 d4 22. Nb4 Bf5 23. Qf3 e4 24. Qf4 c5 25. 
Nd5 Qe5 26. Qd2 Be6 27. b4 Bxd5 28. cxd5 Qxd5 29. bxc5 d3 30. 
Qa5 30... f5 31. Rd2 f4 32. Qc7 e3 33. fxe3 fxe3 34. Rdd1 e2 
35. Rd2 Qd4+ 0-1

[Event "Oebro CXU Nytaar 2023"]
[Site "Copenhagen"]
[Date "2023.12.29"]
[Round "5"]
[Board "18"]
[White "Gronnemose, Freja Egelund"]
[Black "Paludan, Noah"]
[Result "1-0"]
[WhiteElo "1644"]
[BlackElo "1888"]
[PlyCount "69"]
[EventDate "2023.12.27"]
[EventType "swiss"]
[EventRounds "7"]
[EventCountry "DEN"]
[SourceTitle "Live v. Freja Gronnemose"]

1. e4 e5 2. f4 exf4 3. Bc4 Nc6 4. Nf3 d6 5. d4 g5 
6. h4 Be7 7. Nc3 Bg4 8. Qd3 Bxf3 9. gxf3 Nb4 10. Qd2 10... 
h5 11. a3 Nc6 12. Qf2 Qd7 13. Bd2 a6 14. hxg5 Bxg5 15. O-O-O 
Nge7 16. Bf1 Na7 17. Bh3 Qc6 18. Rhg1 f6 19. Ne2 Qc4 20. Kb1 
20... Nb5 21. Bxf4 Bxf4 22. Nxf4 c5 23. dxc5 Qxc5 24. Qd2 f5 25. 
exf5 Nxf5 26. Rg5 Rf8 27. Ne6 Nxa3+ 28. bxa3 Qxa3 29. Nxf8 O-O-O 30. 
Bxf5+ 30... Kb8 31. Ne6 Rd7 32. Rg8+ Ka7 33. Qd4+ b6 34. Be4 d5 
35. Bxd5 1-0

[Event "Oebro CXU Nytaar 2023"]
[Site "Copenhagen"]
[Date "2023.12.29"]
[Round "5"]
[Board "19"]
[White "Nagaraja, Anirudh"]
[Black "Derlich, Sarah Sima"]
[Result "0-1"]
[WhiteElo "1492"]
[BlackElo "1749"]
[PlyCount "52"]
[EventDate "2023.12.27"]
[EventType "swiss"]
[EventRounds "7"]
[EventCountry "DEN"]
[SourceTitle "Live v. Freja Gronnemose"]

1. e4 c6 2. d4 d5 3. exd5 cxd5 4. Nc3 Nc6 5. Nf3 Nf6 
6. h3 Bf5 7. Bd3 Bxd3 8. Qxd3 e6 9. a3 Bd6 10. O-O 10... 
O-O 11. Re1 Rc8 12. Bg5 h6 13. Be3 a6 14. Rac1 Na5 15. Nd2 
Qc7 16. Ncb1 Qb6 17. b4 Nc4 18. Nxc4 dxc4 19. Qd1 Nd5 20. c3 
20... a5 21. Qg4 Kh8 22. Qh5 Kh7 23. g4 axb4 24. axb4 Nf4 25. 
Bxf4 Bxf4 26. Rc2 Bg5 0-1

[Event "Oebro CXU Nytaar 2023"]
[Site "Copenhagen"]
[Date "2023.12.29"]
[Round "5"]
[Board "20"]
[White "Ramsdal, Lasse Andreas"]
[Black "Larssen, Kasper Rolf"]
[Result "1-0"]
[WhiteElo "1688"]
[BlackElo "1489"]
[PlyCount "43"]
[EventDate "2023.12.27"]
[EventType "swiss"]
[EventRounds "7"]
[EventCountry "DEN"]
[SourceTitle "Live v. Freja Gronnemose"]

1. d4 Nf6 2. Nf3 d5 3. c4 c5 4. dxc5 e6 5. Bg5 Bxc5 
6. Nc3 Qb6 7. e3 O-O 8. Bxf6 gxf6 9. Qc2 Rd8 10. Bd3 10... 
f5 11. cxd5 Qd6 12. Rd1 exd5 13. Bxf5 Be6 14. Bxh7+ Kg7 15. Bf5 
Nc6 16. O-O Bb6 17. Bxe6 fxe6 18. Ne4 Qb4 19. Neg5 Kf6 20. Qh7 
20... Ne5 21. Nxe5 Kxe5 22. Nf7+ 1-0

[Event "Oebro CXU Nytaar 2023"]
[Site "Copenhagen"]
[Date "2023.12.30"]
[Round "6"]
[Board "1"]
[White "Hector, Jonny"]
[Black "Hansen, Soren Bech"]
[Result "1-0"]
[WhiteElo "2444"]
[BlackElo "2170"]
[PlyCount "95"]
[EventDate "2023.12.27"]
[EventType "swiss"]
[EventRounds "7"]
[EventCountry "DEN"]
[SourceTitle "Live v. Freja Gronnemose"]

1. e4 c5 2. Nf3 Nc6 3. d4 cxd4 4. Nxd4 Qb6 5. Nb3 Nf6 
6. Nc3 e6 7. Qe2 d6 8. g4 a6 9. g5 Nd7 10. f4 10... 
Qc7 11. Be3 b5 12. Qf2 Bb7 13. O-O-O Be7 14. Kb1 Na5 15. Bd3 
Nxb3 16. axb3 Nc5 17. b4 Nxd3 18. Rxd3 Bc6 19. Bb6 Qb7 20. Re1 
20... a5 21. bxa5 b4 22. Nd5 exd5 23. exd5 Bxd5 24. Rde3 Be6 25. 
f5 O-O 26. fxe6 Bxg5 27. exf7+ Qxf7 28. Qxf7+ Kxf7 29. Rf3+ Bf6 30. 
Re4 30... Rfe8 31. Rxe8 Kxe8 32. Rb3 Bd8 33. Rxb4 Bxb6 34. Rxb6 Kd7 
35. Rb7+ Kc6 36. Rxg7 h5 37. Rg5 h4 38. Rh5 d5 39. Rh6+ Kc5 
40. Rxh4 40... d4 41. Rh5+ Kb4 42. Kc1 Kc4 43. b3+ Kb4 44. Kb2 
Rd8 45. a6 Rd7 46. h3 Rd6 47. a7 Rd8 48. Rd5 1-0

[Event "Oebro CXU Nytaar 2023"]
[Site "Copenhagen"]
[Date "2023.12.30"]
[Round "6"]
[Board "2"]
[White "Jacobsen, Mikkel Manosri"]
[Black "Ramsdal, Jens Albert"]
[Result "1-0"]
[WhiteElo "2322"]
[BlackElo "2413"]
[PlyCount "71"]
[EventDate "2023.12.27"]
[EventType "swiss"]
[EventRounds "7"]
[EventCountry "DEN"]
[SourceTitle "Live v. Freja Gronnemose"]

1. c4 e6 2. g3 Nf6 3. Bg2 d5 4. Nf3 Be7 5. O-O O-O 
6. b3 b6 7. d4 Bb7 8. Nc3 c5 9. dxc5 dxc4 10. cxb6 10... 
axb6 11. bxc4 Qc7 12. Qb3 Nbd7 13. Bf4 Qc6 14. a4 Ra5 15. Rab1 
Rfa8 16. Rfc1 R8a6 17. h3 Bc5 18. g4 h5 19. g5 Ne4 20. Nxe4 
20... Qxe4 21. e3 Qc6 22. Rd1 Be7 23. Qb5 Nc5 24. Qxc6 Bxc6 25. 
Bd6 Bxf3 26. Bxf3 Bxg5 27. Rb5 Nxa4 28. Bb4 Rxb5 29. cxb5 Ra7 30. 
Ra1 30... Bf6 31. Ra2 Bh4 32. Bxh5 g6 33. Bd1 Nc3 34. Rxa7 Nxd1 
35. Kf1 Nxf2 36. Be1 1-0

[Event "Oebro CXU Nytaar 2023"]
[Site "Copenhagen"]
[Date "2023.12.30"]
[Round "6"]
[Board "3"]
[White "Borge, Nikolaj"]
[Black "Nielsen, Viktor Haarmark"]
[Result "0-1"]
[WhiteElo "2402"]
[BlackElo "2365"]
[PlyCount "79"]
[EventDate "2023.12.27"]
[EventType "swiss"]
[EventRounds "7"]
[EventCountry "DEN"]
[SourceTitle "Live v. Freja Gronnemose"]

1. e4 c5 2. Nf3 e6 3. d4 cxd4 4. Nxd4 Nc6 5. Nc3 Qc7 
6. g3 a6 7. Bg2 Nf6 8. O-O Nxd4 9. Qxd4 Bc5 10. Bf4 10... 
d6 11. Qd2 h6 12. Rad1 e5 13. Be3 Bb4 14. Nb5 axb5 15. Qxb4 
Rxa2 16. Rxd6 O-O 17. b3 Be6 18. Rb6 Qxc2 19. Qxb5 Ng4 20. Bc5 
20... Rc8 21. b4 Nf6 22. Rxe6 fxe6 23. Qxb7 Rd8 24. Qb6 Rd1 25. 
Qxe6+ Kh8 26. Qc8+ Ng8 27. Qg4 Rc1 28. h3 Rxf1+ 29. Bxf1 Ra1 30. 
Kg2 30... Qb1 31. Qe2 Nf6 32. Qd3 Qe1 33. b5 Nxe4 34. Be3 Ra2 
35. Kf3 Nxf2 36. Qd8+ Kh7 37. Bd3+ e4+ 38. Bxe4+ Nxe4 39. Kxe4 Ra4+ 
40. Kf3 0-1

[Event "Oebro CXU Nytaar 2023"]
[Site "Copenhagen"]
[Date "2023.12.30"]
[Round "6"]
[Board "4"]
[White "Thuesen, Mogens Henrik"]
[Black "Terryn, Ezra"]
[Result "0-1"]
[WhiteElo "2036"]
[BlackElo "2217"]
[PlyCount "112"]
[EventDate "2023.12.27"]
[EventType "swiss"]
[EventRounds "7"]
[EventCountry "DEN"]
[SourceTitle "Live v. Freja Gronnemose"]

1. d4 d5 2. c4 c6 3. Nf3 Nf6 4. Nc3 e6 5. Bg5 dxc4 
6. e4 b5 7. e5 h6 8. Bh4 g5 9. Nxg5 hxg5 10. Bxg5 10... 
Nbd7 11. g3 Bb7 12. Bg2 Qb6 13. exf6 O-O-O 14. O-O c5 15. d5 
b4 16. Na4 Qb5 17. b3 c3 18. Re1 Nb8 19. Qg4 Bxd5 20. Bxd5 
20... Rxd5 21. h4 Nc6 22. Rad1 Ne5 23. Rxe5 Rxe5 24. Qf3 Rd5 25. 
Rxd5 exd5 26. Qxd5 Bh6 27. Bxh6 Rxh6 28. Qxf7 Rh8 29. Qe6+ Qd7 30. 
Qa6+ 30... Kd8 31. Nxc5 c2 32. Nxd7 c1=Q+ 33. Kh2 Kxd7 34. Qb5+ Qc6 
35. Qxb4 Qd6 36. Qg4+ Kd8 37. Qg5 Rf8 38. Qa5+ Qb6 39. Qxb6+ axb6 
40. g4 40... Rxf6 41. Kg3 Rc6 42. h5 Ke7 43. g5 Rc2 44. f4 
Ke6 45. Kg4 Rg2+ 46. Kf3 Rxa2 47. Kg4 Rg2+ 48. Kf3 Rg1 49. Ke4 
Re1+ 50. Kd4 50... Kf5 51. Kd5 Kxf4 52. g6 Re5+ 53. Kc6 Rxh5 54. 
Kxb6 Rg5 55. b4 Ke4 56. b5 Kd4 0-1

[Event "Oebro CXU Nytaar 2023"]
[Site "Copenhagen"]
[Date "2023.12.30"]
[Round "6"]
[Board "6"]
[White "Jarlskov, Daniel Tuk Hartso"]
[Black "Falkesgaard, Jeppe Hald"]
[Result "1/2-1/2"]
[WhiteElo "2135"]
[BlackElo "2188"]
[PlyCount "127"]
[EventDate "2023.12.27"]
[EventType "swiss"]
[EventRounds "7"]
[EventCountry "DEN"]
[SourceTitle "Live v. Freja Gronnemose"]

1. d4 d5 2. c4 c6 3. Nf3 Nf6 4. g3 Bf5 5. Bg2 e6 
6. O-O h6 7. Nc3 Be7 8. b3 Ne4 9. Bb2 Nxc3 10. Bxc3 10... 
Be4 11. Ne5 Bxg2 12. Kxg2 O-O 13. Qd3 Nd7 14. Nxd7 Qxd7 15. e4 
dxe4 16. Qxe4 f5 17. Qe2 Bf6 18. Rad1 c5 19. Qb2 f4 20. f3 
20... cxd4 21. Bxd4 Qc6 22. Bxf6 Rxf6 23. g4 h5 24. g5 Rf5 25. 
h4 b5 26. cxb5 Qxb5 27. Rfe1 Rd5 28. Rxd5 Qxd5 29. Qe5 Qxe5 30. 
Rxe5 30... Rc8 31. Rxe6 Rc2+ 32. Kg1 Rxa2 33. Re4 Ra3 34. g6 Kf8 
35. Rxf4+ Ke7 36. b4 Ra2 37. Rf7+ Ke6 38. b5 Rb2 39. Rxg7 Kf6 
40. Rxa7 40... Kxg6 41. Ra6+ Kf5 42. Rh6 Kf4 43. Rxh5 Kxf3 44. Rg5 
Kf4 45. Kf1 Rh2 46. Rh5 Kg4 47. Rh6 Kf4 48. Rh5 Kf3 49. Rg5 
Kf4 50. Rh5 50... Kg4 51. Rh6 Kf3 52. Kg1 Rg2+ 53. Kf1 Rb2 54. 
Rf6+ Kg4 55. Rb6 Kxh4 56. Rb8 Kg5 57. b6 Kf6 58. b7 Kg7 59. 
Ke1 Kh7 60. Kd1 60... Kg7 61. Kc1 Rb6 62. Kd2 Kh7 63. Kd3 Rb1 
64. Kc2 1/2-1/2

[Event "Oebro CXU Nytaar 2023"]
[Site "Copenhagen"]
[Date "2023.12.30"]
[Round "6"]
[Board "7"]
[White "Thorsbro, Peter"]
[Black "Veiergang, Oscar Jacob"]
[Result "0-1"]
[WhiteElo "2180"]
[BlackElo "1926"]
[PlyCount "104"]
[EventDate "2023.12.27"]
[EventType "swiss"]
[EventRounds "7"]
[EventCountry "DEN"]
[SourceTitle "Live v. Freja Gronnemose"]

1. d4 Nf6 2. c4 g6 3. Nc3 d5 4. g3 Bg7 5. Bg2 c6 
6. Nf3 O-O 7. O-O dxc4 8. Qc2 Nbd7 9. Rd1 Nd5 10. a3 10... 
Qc7 11. e4 Nxc3 12. bxc3 e5 13. Be3 b5 14. a4 Bb7 15. d5 
a6 16. d6 Qd8 17. h4 Re8 18. Bh3 Bc8 19. Qd2 Rb8 20. h5 
20... Rb7 21. Kg2 Nf8 22. Bxc8 Qxc8 23. Bh6 Qg4 24. Bxg7 Kxg7 25. 
axb5 axb5 26. Rh1 Ne6 27. Qe3 Nf4+ 28. Kf1 Nxh5 29. Rh4 Qe6 30. 
Rd1 30... Rd7 31. g4 Nf4 32. Ng5 Qf6 33. Rxh7+ Kg8 34. Qg3 Qxg5 
35. Qh2 Qxg4 36. Rh8+ Kg7 37. Rh7+ Kf6 38. Re1 Qg2+ 39. Qxg2 Nxg2 
40. Kxg2 40... Rxd6 41. Ra1 Re7 42. Ra6 Rc7 43. Rh8 Rd3 44. Rb8 
Kg5 45. Re8 Kf4 46. Ra1 Rxc3 47. Rh1 Kxe4 48. Re1+ Kd3 49. R8xe5 
b4 50. R5e3+ 50... Kd4 51. Re4+ Kc5 52. Re5+ Kb6 0-1

[Event "Oebro CXU Nytaar 2023"]
[Site "Copenhagen"]
[Date "2023.12.30"]
[Round "6"]
[Board "8"]
[White "Nielsen Refs, Karl Emil Elmer"]
[Black "Gregor, Bjarke"]
[Result "1/2-1/2"]
[WhiteElo "1886"]
[BlackElo "2172"]
[PlyCount "136"]
[EventDate "2023.12.27"]
[EventType "swiss"]
[EventRounds "7"]
[EventCountry "DEN"]
[SourceTitle "Live v. Freja Gronnemose"]

1. d4 Nf6 2. c4 e6 3. Nc3 d5 4. cxd5 exd5 5. Bg5 c6 
6. e3 Bd6 7. Bd3 O-O 8. Qc2 h6 9. Bh4 Re8 10. Nge2 10... 
a5 11. h3 Na6 12. a3 Nc7 13. O-O Ne6 14. Rad1 Ng5 15. f4 
Ne6 16. e4 dxe4 17. Nxe4 Be7 18. Bf2 Nd5 19. f5 Ng5 20. N4c3 
20... Nf6 21. Bg3 Bd6 22. h4 Ngh7 23. Bc4 Bxg3 24. Nxg3 Qc7 25. 
Nce4 Bd7 26. Rde1 Rad8 27. Qb3 Bc8 28. Qc3 Qb6 29. Nc5 Qc7 30. 
Nge4 30... b6 31. Nxf6+ Nxf6 32. Nd3 Rxe1 33. Rxe1 Bxf5 34. Ne5 Nd5 
35. Bxd5 Rxd5 36. Nxc6 Rd7 37. d5 Qd6 38. Qf3 g6 39. Qe3 Kh7 
40. Qxb6 40... Qxd5 41. Nxa5 Be4 42. Qf2 Bxg2 43. Qxg2 Qxa5 44. Qf2 
Qh5 45. Rf1 Qg4+ 46. Kh1 Qh3+ 47. Kg1 f5 48. Qf4 Qb3 49. Rf2 
Rd1+ 50. Kh2 50... Qb7 51. Rg2 Qd7 52. Qg3 Qe6 53. Rc2 Rd7 54. 
b4 Qe4 55. Rg2 f4 56. Qg4 Rf7 57. Rf2 h5 58. Qf3 Qe7 59. 
Kh3 Qd7+ 60. Kh2 60... Qd8 61. Qh3 Qc7 62. Qf3 Qe7 63. Kh3 Qe6+ 
64. Kh2 Qf6 65. Kh3 Qf5+ 66. Kh2 Qf6 67. Kh3 Qe6+ 68. Kh2 Qe7 
1/2-1/2